Eureka : 7º de EGB : matemáticas : Estrategia : 8º curso de EGB : matemáticas

Gespeichert in:
Bibliographische Detailangaben
Weitere Verfasser: Achón i Masana, Jordi
Format: Buch
Sprache:Spanisch
Erschienen: Barcelona : Onda, DL 1987
Katalog:MANES:  Suchergebnis im Bibliothekskatalog
Schulbuchspezifische Eigenschaften:
Schriftenreihe:Llave de "Rosa Sensat"
Tags: Tag hinzufügen
Keine Tags, Fügen Sie den ersten Tag hinzu!
Hinzugefügt zu:19.07.2005
Geändert in:07.05.2025

MARC

LEADER 00000nam a2200000 a 4500
001 .b3364514
003 ES-BaCBU
005 20250507130147.0
008 050720s1987 spca b| 000 ||spa|c
017 |a DL B. 26430-1987 
020 |a 8475521681 
035 |a 8475221681  |9 ES-BaUB001  |a 0888-54560  |9 ES-BaUB035 
040 |a ES-BaUB  |b cat  |c ES-BaUB 
245 0 0 |a Eureka :  |b 7º de EGB : matemáticas : Estrategia : 8º curso de EGB : matemáticas /  |c J. Achón ...[et al.] 
260 |a Barcelona :  |b Onda,  |c DL 1987 
300 |a 118 p.:  |b il., gràf. 
546 |a España 
561 |5 es-CRAI  |3 p1 TX EGB 9/7 OND  |a España. Biblioteca Universitat de Barcelona  |k MANES 
690 0 |a MATE 
691 0 |a PRI 
700 1 |a Achón i Masana, Jordi  |9 33680 
830 0 |a Llave de "Rosa Sensat"  |9 33681 
856 |y Registro en Cercabib - CRAI 
942 |2 ddc  |c BK 
999 |c 90261  |d 90261 
999 |c manes:90261  |d 90261